| 000 | 00682cab a2200253 4500 | ||
|---|---|---|---|
| 001 | WB3121-11 | ||
| 008 | 090401t1995 xxu||||| |||| 00| 0 eng d | ||
| 035 | _a(Sirsi) u17038 | ||
| 041 | _aeng | ||
| 245 | _aUppark reopens | ||
| 260 | _c1995 | ||
| 350 | _a0 | ||
| 490 |
_aIndependent _v2 June 1995, 19 |
||
| 490 |
_aDaily Telegraph _v2 June 1995, 9 |
||
| 520 | _aThe National Trust has reopened restored Uppark House, six years after it was extensively damaged by fire. | ||
| 650 | _aFIRE | ||
| 650 | _aHISTORIC HOUSES | ||
| 650 | _aNATIONAL TRUST | ||
| 650 | _aRESTORATION | ||
| 650 | _aUPPARK HOUSE | ||
| 690 | _aCONSERVATION | ||
| 942 | _n0 | ||
| 948 | _c04/03/1997 | ||
| 999 |
_c11290 _d11290 |
||